[Event "Peterborough 4NCL Easter U2000 op"]
[Site "Peterborough"]
[Date "2024.04.01"]
[Round "7"]
[White "Obi, Okwose Marc"]
[Black "Sisupalan, Beni"]
[Result "1/2-1/2"]
[WhiteElo "1844"]
[BlackElo "1705"]
[PlyCount "112"]
[EventDate "2024.03.29"]
[EventType "swiss"]
[EventRounds "7"]
[EventCountry "ENG"]
[SourceTitle "CB14_2024"]
[SourceDate "2024.04.01"]
[SourceVersion "1"]
[SourceVersionDate "2024.04.01"]
[SourceQuality "1"]

1. e4 e5 2. Nc3 Nf6 3. f4 d5 4. fxe5 Nxe4 5. Qf3 Nxc3 6. dxc3 Bc5 7. Be3 Qe7 8. 0-0-0 Be6 9. Nh3 c6 10. Bd3 Nd7 11. Bxc5 Nxc5 12. Qg3 Nxd3+ 13. cxd3 Rg8 14. Rhf1 0-0-0 15. d4 Qd7 16. Ng5 h6 17. Nxe6 Qxe6 18. Rd3 Rd7 19. Rdf3 Re7 20. Rf6 gxf6 21. Qxg8+ Re8 22. Qg7 fxe5 23. Rf6 Qe7 24. Rxf7 Qg5+ 25. Qxg5 hxg5 26. dxe5 Rxe5 27. Rg7 Kb8 28. Kd2 a5 29. a4 Ka7 30. b3 Kb6 31. g3 Ka6 32. h4 gxh4 33. gxh4 Rf5 34. Rg2 Kb6 35. Rh2 Rh5 36. Ke3 Kc5 37. Kf4 b5 38. axb5 Kxb5 39. Kg4 Rh8 40. h5 a4 41. bxa4+ Kxa4 42. Kf5 Kb3 43. Rh3 Kc4 44. Ke5 Rh6 45. Kf5 c5 46. Kg5 Rh8 47. h6 d4 48. cxd4 cxd4 49. Kg6 d3 50. Kg7 Rb8 51. h7 d2 52. Rh1 Kc3 53. h8Q Rxh8 54. Kxh8 Kc2 55. Rh2 Kc1 56. Rxd2 Kxd2 1/2-1/2

[Event "British Rapidplay"]
[Site "Peterborough"]
[Date "2024.03.02"]
[Round "1"]
[White "Buckley, Graeme N"]
[Black "Sisupalan, Beni"]
[Result "1-0"]
[WhiteElo "2332"]
[BlackElo "1705"]
[PlyCount "87"]
[EventDate "2024.03.02"]
[EventType "swiss (rapid)"]
[EventRounds "11"]
[EventCountry "ENG"]
[SourceTitle "CB10_2024"]
[SourceDate "2024.03.06"]
[SourceVersion "1"]
[SourceVersionDate "2024.03.06"]
[SourceQuality "1"]

1. e4 e5 2. Nf3 Nc6 3. Bb5 a6 4. Ba4 Nf6 5. 0-0 b5 6. Bb3 Be7 7. Re1 0-0 8. a4 Bb7 9. d3 d6 10. c3 Na5 11. Ba2 c5 12. Nbd2 Rc8 13. d4 exd4 14. cxd4 d5 15. e5 Ne4 16. axb5 axb5 17. Bb1 Nxd2 18. Bxd2 Nc4 19. Bc1 cxd4 20. b3 Nb6 21. Nxd4 Bc6 22. Re3 g6 23. Bb2 Bd7 24. Ra7 f5 25. e6 Be8 26. Nf3 Rc7 27. Rxc7 Qxc7 28. h3 b4 29. Re1 Bb5 30. Nd4 Be8 31. Qd2 Bf6 32. Qxb4 h5 33. Qd2 Kh7 34. e7 Rf7 35. Ne6 Qd6 36. Bxf6 Rxf6 37. Ng5+ Kg7 38. Qd4 Kg8 39. Bd3 Nc8 40. b4 Nxe7 41. Qe3 Kf8 42. Nh7+ Kf7 43. Qh6 Ng8 44. Ng5# 1-0